Управление нематериальными активами как инновационным ресурсом развития современных организаций

Bibliografiske detaljer
Hovedforfatter: Ольховский В. В. Владимир Васильевич
Institution som forfatter: Российская академия государственной службы при Президенте Российской Федерации (РАГС)
Summary:В монографии представлен механизм эффективного управления нематериальными активами организации. Акцентировано внимание на интеллектуальной собственности как основной группе нематериальных активов. Рассмотрена субъективно-объективная роль нематериальных активов в управленческой системе организации. Показано, как организация управляет нематериальными активами и использует их, повышая свою экономико-производственную эффективность, и как эффективное управление нематериальными активами меняет организацию в структурном, кадровом, технологичном аспектах, отражается на методах управления, т. е. способствует ее комплексному развитию. Для студентов, аспирантов, преподавателей высшей школы, а также всех, кто интересуется вопросами инновационного управления организацией.
Sprog:russisk
Udgivet: Москва, РАГС, 2009
Fag:
Format: Bog
KOHA link:https://koha.lib.tpu.ru/cgi-bin/koha/opac-detail.pl?biblionumber=180783

MARC

LEADER 00000nam0a2200000 4500
001 180783
005 20231101223555.0
010 |a 9785772903629 
035 |a (RuTPU)RU\TPU\book\195985 
090 |a 180783 
100 |a 20100526d2009 k y0rusy50 ca 
101 0 |a rus 
102 |a RU 
105 |a y z 001zy 
200 1 |a Управление нематериальными активами как инновационным ресурсом развития современных организаций  |f В. В. Ольховский  |g Российская академия государственной службы при Президенте Российской Федерации (РАГС) 
210 |a Москва  |c РАГС  |d 2009 
215 |a 304 с. 
320 |a Библиогр.: с. 277-287. 
330 |a В монографии представлен механизм эффективного управления нематериальными активами организации. Акцентировано внимание на интеллектуальной собственности как основной группе нематериальных активов. Рассмотрена субъективно-объективная роль нематериальных активов в управленческой системе организации. Показано, как организация управляет нематериальными активами и использует их, повышая свою экономико-производственную эффективность, и как эффективное управление нематериальными активами меняет организацию в структурном, кадровом, технологичном аспектах, отражается на методах управления, т. е. способствует ее комплексному развитию. Для студентов, аспирантов, преподавателей высшей школы, а также всех, кто интересуется вопросами инновационного управления организацией. 
606 1 |a Инновационный менеджмент  |2 stltpush  |3 (RuTPU)RU\TPU\subj\12654  |9 39407 
610 1 |a инновационная деятельность 
610 1 |a инновационные ресурсы 
610 1 |a предприятия 
610 1 |a нематериальные активы 
610 1 |a управление 
610 1 |a психологические инновации 
610 1 |a интеллектуальная собственность 
610 1 |a использование 
610 1 |a оценка 
610 1 |a знания 
610 1 |a интеллектуальный капитал 
686 |a У9(2)0-551  |v LBC/SL-A  |2 rubbk 
700 1 |a Ольховский  |b В. В.  |g Владимир Васильевич 
712 0 2 |a Российская академия государственной службы при Президенте Российской Федерации (РАГС)  |c (Москва)  |2 stltpush  |3 (RuTPU)RU\TPU\col\921 
801 1 |a RU  |b 63413507  |c 20100526 
801 2 |a RU  |b 63413507  |c 20130604  |g RCR 
942 |c BK 
959 |a 33/20100524  |d 1  |e 268,20  |f ЧЗГЛ:1